• 首页
  • 本馆介绍
  • 公告通知
  • 最新文献
  • 馆藏检索
  • 电子资源
  • 读者导购
  • 参考咨询
  • 我的图书馆
  • 登录
  • 详细信息显示
  • 放入我的书架
  • 预约/预借图书
  • 作者相关作品
  • 分类相关作品
  • 丛书相关作品
  • 出版社相关作品

书目信息

  • 表格格式
  • 工作单格式
  • 卡片格式
题名:
海洋物理
    
 
作者: 景振华 著
分册:  
出版信息: 济南   山东人民出版社  1978
页数: 81页
开本: 19cm
丛书名: 海洋知识丛书
单 册:
中图分类: P733
科图分类:
主题词: 海洋物理学
电子资源:
ISBN:
000 00604nam2 2200241 45
001 0178006162
005 20060812170647.75
010    @dCNY0.24
091    @a13099.60
100    @a19950726d1978 em y0chiy0121 ea
101 0  @achi
102    @aCN@b370000
105    @ay z 000yy
200 10 @a海洋物理@Ahai yang wu li@f景振华著
210    @a济南@c山东人民出版社@d1978
215    @a81页@d19cm
225 2  @a海洋知识丛书
410  0 @120010@a海洋知识丛书
606    @a海洋物理学
690    @aP733@v3
701  0 @a景振华@Ajing zhen hua@4著
801  0 @aCN@bTSSF@c20060812
905    @a10447@dP733@e37
    
    海洋物理/景振华著.-济南:山东人民出版社,1978
    81页;19cm.-(海洋知识丛书)
    
    
    ISBN :CNY0.24
    
●
相关链接 在E读中查询图书 在五车中查询图书 在当当中查询图书 在豆瓣中查询图书


正题名:海洋物理     索取号:P733/37         预约/预借

序号 登录号 条形码 馆藏地/架位号 状态 备注
1 0439538   204395387   密集书库/ [索取号:P733/37] 在馆    
2 0452035   204520358   密集书库/ [索取号:P733/37] 在馆    
3 0452493   204524933   密集书库/ [索取号:P733/37] 在馆    
唐山师范学院图书馆 欢迎您!
大连网信软件有限公司© 版权所有